000
00269pab a2200109 454500
008
180718b xxu||||| |||| 00| 0 eng d
100
_a
Bose, B.L
245
_a
Future shock - living with electronic pollution
650
_a
Environment
773
_a
Statesman
909
_a
24067
999
_c
24067
_d
24067